000 00350nam a22001577a 4500
003 SGT
020 _a978-81-8445-021-4
082 _a610.7368
_bM07B
100 _aBATRA, LALIT
245 _aMENTAL HEALTH FOR NURSING
250 _a1ST
260 _aINDIA
_bPEEPEE PUB
_c2007
300 _a232
650 _aMENTAL HEALTH NURSING
942 _2ddc
_cBK
999 _c20164
_d20164